(Top five) Mark Rober's Most Viewed Videos - Statistics

General Stats
  • This quiz has been taken 11 times
  • The average score is 2 of 5
Answer Stats
Hint Answer % Correct
85M Views (2 years ago) GB Glitter Bomb 1.0 vs Porch Pirates
78%
111M Views (5 years ago) SKIN A WATERMELON party trick
44%
76M Views (1 year ago) Testing if Sharks Can Smell a Drop of Blood
22%
77M Views (3 years ago) Liquid Sand Hot Tub- Fluidized air bed
11%
78M Views (1 year ago) World's Largest Jello Pool- Can you swim in Jello?
11%
No matching quizzes found
Score Distribution
Percent of People with Each Score
Percentile by Number Answered
Your Score History
You have not taken this quiz